Marcatori dell'Inter in UEFA Champions League 2020-2021 - Statistics

Statistiche generali
  • Questo quiz è stato fatto 29 volte
  • Il punteggio medio è 6 su 7
Statistiche sulle risposte
Partita Minuto Marcatore % Corretto
Inter - Borussia Mönchengladbach 2-2 49' Romelu Lukaku
100%
Inter - Borussia Mönchengladbach 2-2 90' Romelu Lukaku
100%
Borussia Mönchengladbach - Inter 2-3 64' Romelu Lukaku
100%
Borussia Mönchengladbach - Inter 2-3 73' Romelu Lukaku
100%
Real Madrid - Inter 3-2 35' Lautaro Martínez
93%
Real Madrid - Inter 3-2 68' Ivan Perišić
74%
Borussia Mönchengladbach - Inter 2-3 17' Mattia Darmian
74%
Nessun quiz corrispondente trovato
Distribuzione punteggi
Percentuale di utenti per punteggio
Percentile per numero di risposta
I tuoi punteggi nel tempo
Non hai fatto questo quiz